00384nam a2200121Ia 4500008004100000245012100041260001700162260000900179300000900188650002300197650001200220856003000232170516s9999 xx 000 0 und d aNear Infrared Fluorescent Nanoparticles Derived from Hyaluronic Acid Improve Tumor Contrast for Image-Guided Surgery bTheranostics c2016 a6:13 xMedical Technology xMedtech uhttp://www.thno.org/v6i13